|
|
|
|
| LEADER |
00000cam a2200000 a 4500 |
| 001 |
vtls001335335 |
| 003 |
SK-MaSNL |
| 005 |
20260301114449.0 |
| 008 |
250414s1998 xo a fr 10000 slo |
| 015 |
|
|
|a SNBA1998/11-03977
|
| 020 |
|
|
|a 8022710628
|
| 035 |
|
|
|a SNK000288305
|
| 035 |
|
|
|a urn:nbn:sk:snk-amjr8r
|
| 035 |
|
|
|a urn:nbn:sk:snk:ar-a0csos
|
| 035 |
|
|
|a 047aba6f-f740-49bc-89d8-bca73aaebeb1
|
| 040 |
|
|
|a SNK
|b slo
|c SNK
|e AACR2
|
| 041 |
0 |
|
|a slo
|
| 044 |
|
|
|a xo
|c SK
|
| 080 |
|
|
|a 621.52(082)\
|2 1981
|
| 080 |
|
|
|a 533.5(082)\
|2 1981
|
| 111 |
2 |
|
|a Škola vákuovej techniky
|d (1998 :
|c Žiarska dolina, Slovensko)
|4 aut
|9 35741
|
| 245 |
0 |
0 |
|a Škola vákuovej techniky 1998
|b (texty prednášok) : 1.-4.jún 1998 Žiarska dolina
|c editori: Viera Dubravcová, Petr Řepa
|
| 260 |
|
|
|a Bratislava
|b Slovenská technická univerzita
|c [1998]
|
| 300 |
|
|
|a 81 s.
|b sch., tab.
|c 25 cm
|
| 500 |
|
|
|a Čiast. text čes.
|
| 504 |
|
|
|a Bibliogr. odkazy
|
| 650 |
0 |
7 |
|a vákuová technika
|2 SNKPH
|9 73248
|
| 655 |
|
7 |
|a zborníky konferencií
|2 SNKPH
|9 70153
|
| 655 |
|
7 |
|a issue_zb
|2 SNK
|9 276493
|
| 700 |
1 |
|
|a Dubravcová, Viera
|4 adp
|9 299034
|
| 700 |
1 |
|
|a Řepa, Petr
|4 adp
|9 46641
|
| 852 |
|
|
|a Slovenská národná knižnica
|
| 919 |
|
|
|a 80-227-1062-8
|
| 954 |
|
|
|a odborná, vedecká literatúra pôvodná (slovenská)
|2 lita
|
| 954 |
|
|
|a odborná, vedecká literatúra cudzojazyčná (svetová)
|2 lita
|
| 958 |
|
|
|a ART
|
| 958 |
|
|
|a TL
|
| 958 |
|
|
|a NB
|
| 958 |
|
|
|a OND
|
| 958 |
|
|
|a EUIPO
|
| 999 |
|
|
|c 718490
|d 720420
|
| 952 |
|
|
|t P60, <03>, [BOOK], {603}
|a SNK
|b SNK
|y PREZ
|7 0
|p 17A0144270
|o snkSC 96197
|i snkKSP 6704/98
|0 0
|1 0
|4 0
|d 1998-06-29
|l 0
|r 2025-09-16 00:00:00
|w 2026-02-23
|
| 952 |
|
|
|t P60, <04>, [BOOK], {604}
|a SNK
|b SNK
|y VYP
|7 0
|p 17A0144269
|o snkSC 96197 D1
|i snkKSP 6705/98
|0 0
|1 0
|4 0
|d 1998-06-29
|l 0
|r 2005-01-02 00:00:00
|w 2026-02-23
|